000 00632nam a22002537a 4500
003 UA-OsUOA
001 132835
007 ta
008 20180910b un ||||| |||| 00| 0 ukr d
100 _aSkorupsky M.
090 _a82-94
942 _cBK
040 _aUA-OsUOA
_beng
_cUA-OsUOA
_dUA-OsUOA
245 _aOn Attak and in Retreat
300 _a282 p.
955 _a2
041 _aeng
080 _a82-94
020 _a57707-2965-1
260 _aOstroh
_bOA
_c2016
650 7 _a82 Література. Літературознавство
_2UDC
999 _c421358
_d421358